Business Partner C1 Coursebook

Enregistré dans:
Détails bibliographiques
Auteur principal: Dubicka, Iwonna
Autres auteurs: Rosenberg, Marjorie, O’Keeffe, Margaret
Format: Livre
Langue:anglais
Publié: Harlow Pearson Education 2024
Édition:9th Impression
Sujets:
Tags: Ajouter un tag
Pas de tags, Soyez le premier à ajouter un tag!

MARC

LEADER 00000nam a2200000 4500
001 0308577
005 20250529153101.4
020 |a 978-1-292-39300-1 
041 0 |a eng 
044 |a GB 
245 1 0 |a Business Partner C1  |b Coursebook  |c Iwonna Dubicka ... [et al.] 
250 |a 9th Impression 
264 1 |a Harlow  |b Pearson Education  |c 2024 
300 |a 171 s. 
610 2 0 |a jazyky cudzie 
610 2 0 |a angličtina 
610 2 0 |a gramatika 
610 2 0 |a zásoba slovná 
610 2 0 |a štylistika 
610 2 0 |a podnikanie 
100 1 |a Dubicka, Iwonna 
700 1 |a Rosenberg, Marjorie 
700 1 |a O’Keeffe, Margaret